书目信息 |
| 题名: |
表面工程
|
|
| 作者: | 徐滨士 编著 | |
| 分册: | ||
| 出版信息: | 北京 机械工业出版社 2000.06 |
|
| 页数: | 325页 | |
| 开本: | 32开 | |
| 丛书名: | ||
| 单 册: | ||
| 中图分类: | TG17 | |
| 科图分类: | ||
| 主题词: | 金属表面--金属表面 , 金属表面清理 | |
| 电子资源: | ||
| ISBN: | 7-111-01321-2 | |
| 000 | 00578nam0 2200205 45 | |
| 001 | 0010030214 | |
| 005 | 20001003024306.4 | |
| 010 | @a7-111-01321-2@d20.00元 | |
| 100 | @a20001003d2000 km y0chiy0120 ea | |
| 101 | 0 | @achi |
| 105 | @a z 000yy | |
| 200 | 1 | @a表面工程@ABiao Mian Gong Cheng@f徐滨士等编著@FXu Bin Shi Deng Bian Zhu |
| 210 | @a北京@c机械工业出版社@d2000.06 | |
| 215 | @a325页@d32开 | |
| 606 | 0 | @a金属表面@a金属表面 |
| 606 | 0 | @a金属表面清理 |
| 690 | @aTG17@v3 | |
| 701 | 0 | @a徐滨士@4编著 |
| 801 | @aCN@bPftUser@c20001003 | |
| 905 | @b413113-114@dTG17@eX670@f2 | |
| 表面工程/徐滨士等编著.-北京:机械工业出版社,2000.06 |
| 325页;32开 |
| ISBN 7-111-01321-2:20.00元 |
| ● |
| 相关链接 |
|
|
|
正题名:表面工程
索取号:TG17/X670
 
预约/预借
| 序号 | 登录号 | 条形码 | 馆藏地/架位号 | 状态 | 备注 |
| 1 | 413113 | 204131135 | 自科库501/501自科库 25排2列4层/ [索取号:TG17/X670] | 在馆 | |
| 2 | 413114 | 204131144 | 自科库501/501自科库 25排2列4层/ [索取号:TG17/X670] | 在馆 |